000 00682nam a2200205 a 4500
001 000022367
005 20200930011710.0
020 _a9993402508
040 _aDO-SdBNP
_bspa
_cBNPHU
082 _a781.63
_bB333b
100 1 _aBatista Mato, Carlos
_946136
245 1 0 _aBachata :
_bhistoria y evolución /
_cCarlos Batista Matos.
260 _aSanto Domingo :
_bTaller,
_c2002.
300 _a243 p. :
_bil., mús., retrs. ;
_c23 cm.
504 _aBibliografía: p. 243
590 _aInventariado, 2019/MFF
650 4 _aBachata (música)
_zRepública Dominicana
_xHistoria
_946137
650 4 _aMúsica popular
_zRepública Dominicana
_91323
910 _aValidado. Control de calidad MFF
999 _c21865
_d21865